Pessoa direito e responsabilidade

Detalles Bibliográficos
Autor principal: Rosenvald, Nelson
Otros Autores: Miranda Barbosa, Mafalda, Muniz, Francisco
Formato: eBook
Lenguaje:portugués
Publicado: Indaiatuba: Editora Foco, 2020
Materias:
Acceso en línea:Acceso restringido

MARC

LEADER 00000nam a22000007a 4500
005 20211220203354.0
007 cr|||| ||||
008 211220s2020 br |||||s|||| 00||0 por d
020 |a 978-65-5515-099-5 
035 |a 35499 
040 |a vLex 
090 |c 12743  |d 12743 
100 1 |a Rosenvald, Nelson 
245 1 0 |a Pessoa direito e responsabilidade  |h [Recurso electrn̤ico] /  |c Nelson Rosenvald, Mafalda Miranda Barbosa, Francisco Muniz 
256 |a Servicio en ln̕ea 
260 |a Indaiatuba:  |b Editora Foco,  |c 2020 
300 |a 1 recurso electrn̤ico 
500 |a As III Jornadas Luso-Brasileiras de Responsabilidade Civil convidaram-nos a refletir sobre a relaȯ̂ entre a responsabilidade e a pessoalidade. Se com base no tp̤ico “Pessoa, Direito e Responsabilidade” pudemos, durante dois dias, debater muitos e importantes aspetos dogmt̀icos da responsabilidade civil, tornou-se tambm̌ evidente a negaȯ̂ do formalismo com que, noutras p̌ocas, o direito foi mascarado. O encontro anual de juristas portugueses e brasileiros (mas tambm̌ espanhi̤s e de outras nacionalidades) garantiu-nos, assim, a problematizaȯ̂ do prp̤rio sentido do direito que, radicando na ideia de autonomia personalista, necessariamente responsv̀el, nos oferece o princp̕io da responsabilidade – enquanto princp̕io normativo positivo, transpositivo e suprapositivo – como sustentc̀ulo das soluė̳s de quid iuris que se encontram para aqueles problemas de primeiro grau. A riqueza das reflexe̳s ensaiadas nestas III Jornadas Luso-Brasileiras de Responsabilidade Civil impele-nos a torn-̀las pb︢licas, oferecendo ao pb︢lico em geral uma coletńea de textos que, de forma enriquecida, fazem memr̤ia dos principais ensinamentos partilhados. É essa memr̤ia pb︢lica que ganha corpo atravš da obra que agora se pb︢lica. 
506 1 |a Disponible solo en los productos indicados  |d vLex Global  |d vLex Global (Academic Edition, excluding Law Schools)  |d vLex Global (U.S. Academic Edition, Law Schools)  |d vLex Global (U.S. Academic Edition, excluding Law Schools)  |d vLex Global (Academic Edition, Law Schools) 
650 0 4 |a Derecho Civil  |z Brasil 
700 1 |a Miranda Barbosa, Mafalda 
700 1 |a Muniz, Francisco 
740 0 |a vLex Libros (Servicio en ln̕ea) 
856 4 0 |u https://app.vlex.com/#/sources/35499  |z Acceso restringido 
942 |c BOOK 
999 0 |a Civil Law